Návrh preplňovania atmosférického zážihového motora BMW M42B18

Saved in:
Bibliographic Details
Main Author: Benko, Lukáš (Author)
Other Authors: Chríbik, Andrej (Thesis advisor)
Format: Manuscript Book
Language:Slovak
Published: 2025
Subjects:
Online Access:http://is.stuba.sk/zp/portal_zp.pl?podrobnosti=178978
Tags: Add Tag
No Tags, Be the first to tag this record!

MARC

LEADER 00000ntm a22000003a 4500
001 stuzp106630
003 SK-STU
005 20250628213111.3
007 ta
008 150427s2015----xo-----f-mn---000-0-slo-d
040 |a STU  |b slo 
041 0 |a slo 
100 1 |a Benko, Lukáš  |u 020030  |4 aut  |U SjF Strojnícka fakulta  |T SjF Ústav automobilového inžinierstva a konštruovania  |X 122803  |U J0030  |Y 806  |7 122803 
242 0 1 |a Design of a Turbocharging System for the Naturally Aspirated Spark Ignition Engine BMW M42B18  |y eng 
245 1 0 |a Návrh preplňovania atmosférického zážihového motora BMW M42B18 
260 |c 2025 
650 4 |a výkonové charakteristiky  |2 slo 
650 4 |a turbodúchadlo  |2 slo 
650 4 |a simulačný model  |2 slo 
650 4 |a preplňovanie  |2 slo 
650 4 |a zážihový motor  |2 slo 
650 4 |a turbocharging  |2 eng 
650 4 |a turbocharger  |2 eng 
650 4 |a simulation model  |2 eng 
650 4 |a performance characteristics  |2 eng 
650 4 |a spark-ignition engine  |2 eng 
700 1 |a Chríbik, Andrej  |u 020030  |k Z1  |4 ths  |U SjF Strojnícka fakulta  |T SjF Ústav automobilového inžinierstva a konštruovania  |X 26808  |U J0030  |Y 806  |7 A000026808 
856 4 |u http://is.stuba.sk/zp/portal_zp.pl?podrobnosti=178978